• 首页
  • 本馆介绍
  • 公告通知
  • 最新文献
  • 馆藏检索
  • 电子资源
  • 读者导购
  • 参考咨询
  • 我的图书馆
  • 登录
  • 详细信息显示
  • 放入我的书架
  • 预约/预借图书
  • 作者相关作品
  • 分类相关作品
  • 丛书相关作品
  • 出版社相关作品

书目信息

  • 表格格式
  • 工作单格式
  • 卡片格式
题名:
少年朗诵诗精萃
    
 
作者: 朱效文 选编
分册:  
出版信息: 上海   少年儿童出版社  1991
页数: 192页
开本: 19cm
丛书名:
单 册:
中图分类: I287.2 , I227
科图分类:
主题词: 儿童文学--朗诵诗--中国--现代--选集 , 韵文--中国 , 中国 , 朗诵诗
电子资源:
ISBN: 7-5324-1299-7
000 00687nam0 2200253 450
001 1571648988
005 20170926181638.82
010    @a7-5324-1299-7@dCNY2.10
100    @a20110803d1991 demy 0110 ea
101 0  @achi
102    @aCN@b310000
105    @ay zr 000gd
200 1  @a少年朗诵诗精萃@9shao nian lang song shi jing cui@f朱效文选编
210    @a上海@c少年儿童出版社@d1991
215    @a192页@d19cm
606 0  @a儿童文学@x朗诵诗@y中国@z现代@x选集
606 0  @a韵文@x中国
606 0  @x中国
606 0  @a朗诵诗
690    @aI287.2@v5
690    @aI227@v4
701  0 @a朱效文@9zhu xiao wen@f(1951~)@4选编
801  0 @aCN@bTSSF@c20150126
905    @aZUCC@dI227@eJY2
    
    少年朗诵诗精萃/朱效文选编.-上海:少年儿童出版社,1991
    192页;19cm
    
    
    ISBN 7-5324-1299-7:CNY2.10
    
●
相关链接 在E读中查询图书 在五车中查询图书 在当当中查询图书 在豆瓣中查询图书


正题名:少年朗诵诗精萃     索取号:I227/JY2         预约/预借

序号 登录号 条形码 馆藏地/架位号 状态 备注
1 7838700   278387005   学院路分馆/ [索取号:I227/JY2] 在馆    
2 7838704   278387041   学院路分馆/ [索取号:I227/JY2] 在馆    
3 7843422   278434222   学院路分馆/ [索取号:I227/JY2] 在馆    
4 7844162   278441624   学院路分馆/ [索取号:I227/JY2] 在馆    
唐山师范学院图书馆 欢迎您!
大连网信软件有限公司© 版权所有